000 00841nam a2200217 a 4500
001 60540
003 BD-RjUL
005 20211209080845.0
008 170114s1968 ii | o000 0 ben d
035 _a(BD-RjUL)60664
040 _aDLC
_cDLC
_dDLC
_dBD-RjUL
_bben
041 0 _aben
082 _223
_a491.4409
_bBIB 1968
100 1 _aবিশ্বাস, সুকুমার
_9182094
245 _aভাষাবিজ্ঞান-পরিচয় /
_cসুকুমার বিশ্বাস
260 _aকলিকাতা :
_bজিজ্ঞাসা,
_c১৯৬৮
300 _a[১২], ১৭৫, [১] পৃ. ;
_c২২ সেমি.
650 _2বাংলা ভাষা
_vইতিহাস ও সমালোচনা
_9182095
650 _2Bengali Language
_vHistory and Criticism
_9182096
942 _2ddc
_cBK
999 _c60540
_d60540